[Event "FB22 2223 SK Doppelbauer Turm Kiel - SK "]
[Site "?"]
[Date "2023.03.11"]
[Round "6.5"]
[White "Wolterink, Jule"]
[Black "Benzen, Marthe"]
[Result "1/2-1/2"]
[WhiteElo "1429"]
[BlackElo "1959"]
[PlyCount "133"]
[EventDate "2023.??.??"]

1. d4 Nf6 2. Bf4 g6 3. e3 Bg7 4. Nf3 d6 5. h3 Nbd7 6. c4 c5 7. Be2 O-O 8. O-O Ne4 9. Qc2 f5 10. Nc3 e5 11. Bh2 cxd4 12. exd4 Nxc3 13. bxc3 e4 14. Nd2 Nb6 15. Qb3 Be6 16. Qb4 Bh6 17. Nb3 f4 18. Rfe1 f3 19. Bxf3 Qf6 20. Rxe4 Nxc4 21. Bxd6 a5 22. Nxa5 Rxa5 23. Bxf8 Bxf8 24. Qxb7 Nd6 25. Qc7 Rg5 26. Rxe6 Qxe6 27. Bg4 Qf6 28. Re1 h5 29. Be6+ Kh8 30. a4 Qf3 31. g3 Ne4 32. Qf7 Rxg3+ 33. fxg3 Qxg3+ 34. Kf1 Qd3+ 35. Re2 Ng3+ 36. Kg2 Qxe2+ 37. Kxg3 Bd6+ 38. Kh4 Qe4+ 39. Bg4 Be7+ 40. Kg3 Qe1+ 41. Kg2 Qd2+ 42. Kf1 Qc1+ 43. Ke2 Qc2+ 44. Kf1 Qc1+ 45. Kg2 Qd2+ 46. Qf2 Qg5 47. Qe2 hxg4 48. hxg4 Qd5+ 49. Kf2 Bh4+ 50. Ke3 Qe6+ 51. Kf3 Qc6+ 52. Qe4 Qxc3+ 53. Qe3 Qc6+ 54. Qe4 Qf6+ 55. Qf4 Qc6+ 56. Qe4 Qxa4 57. Qxg6 Qb3+ 58. Ke2 Qb2+ 59. Kd1 Qxd4+ 60. Kc1 Bf6 61. Qh6+ Kg8 62. Qg6+ Kf8 63. Qf5 Ke7 64. Qh7+ Kd6 65. Qc2 Bg5+ 66. Kb1 Qxg4 67. Qd3+ 1/2-1/2

[Event "FB22 2223 SK Doppelbauer Turm Kiel - SK "]
[Site "?"]
[Date "2023.03.11"]
[Round "6.6"]
[White "Hielscher, Ursula"]
[Black "Stelter, Finja"]
[Result "0-1"]
[WhiteElo "1717"]
[BlackElo "1299"]
[PlyCount "60"]
[EventDate "2023.??.??"]

1. d4 Nf6 2. Bg5 c5 3. Nf3 cxd4 4. Bxf6 exf6 5. Nxd4 Qb6 6. b3 Bc5 7. e3 Nc6 8. c3 O-O 9. Be2 Re8 10. O-O a6 11. Nd2 Qc7 12. Bd3 d5 13. Qh5 g6 14. Qxd5 Ne5 15. Ne4 Be7 16. Bxa6 Rxa6 17. Qb5 Bd7 18. Qe2 f5 19. Nd2 Qxc3 20. Rfc1 Qa5 21. f4 Nc6 22. Nc4 Nxd4 23. exd4 Qd5 24. Qf2 Bf6 25. Ne5 Rd6 26. Rd1 Bb5 27. Rac1 Bxe5 28. fxe5 Rxe5 29. Qc2 Re2 30. Qc8+ Kg7 0-1

[Event "FB22 2223 Hamburger SK II - SV 1920 Hof"]
[Site "?"]
[Date "2023.03.12"]
[Round "7.1"]
[White "Mar, Karmen"]
[Black "Rogozenco, Ileana"]
[Result "1/2-1/2"]
[WhiteElo "1856"]
[BlackElo "2043"]
[PlyCount "85"]
[EventDate "2023.??.??"]

1. e4 c5 2. Nf3 e6 3. g3 Nc6 4. Bg2 g6 5. O-O Bg7 6. c3 Nf6 7. Re1 O-O 8. d4 d5 9. e5 Ne4 10. Na3 cxd4 11. cxd4 a6 12. Be3 f6 13. exf6 Qxf6 14. Nb1 Bd7 15. Nbd2 Nxd2 16. Qxd2 Qd8 17. Rad1 Rc8 18. Bh6 Qb6 19. Bxg7 Kxg7 20. h4 Qa5 21. Qxa5 Nxa5 22. Ne5 Bb5 23. Rc1 Nc4 24. Nxc4 Bxc4 25. b3 Bb5 26. Rxc8 Rxc8 27. Rxe6 Rc1+ 28. Kh2 Rc2 29. Bxd5 Rxf2+ 30. Kg1 Rxa2 31. Bxb7 Rb2 32. Bd5 Rd2 33. Re7+ Kf8 34. Rf7+ Ke8 35. Rxh7 Rxd4 36. Bf7+ Kf8 37. Bxg6 Rg4 38. Bc2 Rxg3+ 39. Kf2 Rh3 40. Kg2 Rc3 41. Bg6 Rxb3 42. h5 Bd3 43. Rf7+ 1/2-1/2

[Event "FB22 2223 Hamburger SK II - SV 1920 Hof"]
[Site "?"]
[Date "2023.03.12"]
[Round "7.2"]
[White "Wartenberg, Alissa"]
[Black "Roessler, Ulrike"]
[Result "0-1"]
[WhiteElo "1760"]
[BlackElo "2155"]
[PlyCount "58"]
[EventDate "2023.??.??"]

1. e4 d6 2. d4 Nf6 3. Nc3 g6 4. Nf3 Bg7 5. Bc4 O-O 6. O-O Nxe4 7. Nxe4 d5 8. Bxd5 Qxd5 9. Nc3 Qa5 10. Be3 Nd7 11. Qd2 b6 12. Bh6 Bb7 13. Bxg7 Kxg7 14. Qf4 Rac8 15. Rfe1 e6 16. Ne5 Nf6 17. Re3 Nd5 18. Nxd5 Qxd5 19. Rg3 Qe4 20. Qd2 c5 21. c3 cxd4 22. Ng4 f5 23. Qh6+ Kg8 24. f3 Qe2 25. Nf2 Qe5 26. cxd4 Qxd4 27. Rd1 Qg7 28. Qe3 Bd5 29. b3 f4 0-1

[Event "FB22 2223 Hamburger SK II - SV 1920 Hof"]
[Site "?"]
[Date "2023.03.12"]
[Round "7.3"]
[White "Lauterbach, Ingrid"]
[Black "Harder, Daniella"]
[Result "1-0"]
[WhiteElo "2004"]
[BlackElo "1617"]
[PlyCount "71"]
[EventDate "2023.??.??"]

1. Nf3 Nf6 2. g3 d5 3. Bg2 c5 4. c4 e6 5. O-O Be7 6. Qa4+ Qd7 7. Qc2 Nc6 8. d3 h6 9. Nbd2 O-O 10. a3 b6 11. cxd5 exd5 12. b3 Bb7 13. e3 Rad8 14. Bb2 d4 15. exd4 Nxd4 16. Nxd4 Bxg2 17. Kxg2 cxd4 18. Nf3 Qb7 19. Qd1 Ne8 20. Re1 Bf6 21. a4 Nc7 22. Kg1 Ne6 23. h4 Rd5 24. Ba3 Rc8 25. Nd2 Rd7 26. Ne4 Nc5 27. Nxf6+ gxf6 28. b4 Ne6 29. Qg4+ Ng7 30. Rac1 Rc3 31. Bb2 Rxd3 32. Rc4 Qd5 33. Rc8+ Kh7 34. Ree8 Nxe8 35. Rxe8 Rd8 36. Qg8# 1-0

[Event "FB22 2223 Hamburger SK II - SV 1920 Hof"]
[Site "?"]
[Date "2023.03.12"]
[Round "7.4"]
[White "Garny, Annica"]
[Black "Buchholz, Maja Patricia"]
[Result "0-1"]
[WhiteElo "1679"]
[BlackElo "1883"]
[PlyCount "62"]
[EventDate "2023.??.??"]

1. e4 e6 2. d4 d5 3. Nd2 Nf6 4. e5 Nfd7 5. c4 Nc6 6. Nb3 dxc4 7. Bxc4 Nb6 8. Bb5 Bd7 9. Nc5 Nxe5 10. Bxd7+ Nexd7 11. Nxb7 Qh4 12. Kf1 a5 13. Be3 Qe4 14. Nc5 Nxc5 15. dxc5 Bxc5 16. Bxc5 Qc4+ 17. Ne2 Qxc5 18. Rc1 Qd6 19. Qc2 Nd5 20. Nc3 O-O 21. Nxd5 Qxd5 22. Qxc7 Qxa2 23. Qe5 Rab8 24. b3 Rxb3 25. Ra1 Rb1+ 26. Rxb1 Qxb1+ 27. Qe1 Rb8 28. Ke2 Qe4+ 29. Kd2 Rb2+ 30. Kc3 Rc2+ 31. Kb3 Qc4+ 0-1

[Event "FB22 2223 Hamburger SK II - SV 1920 Hof"]
[Site "?"]
[Date "2023.03.12"]
[Round "7.5"]
[White "Rieseler, Caroline"]
[Black "Stappenbeck, Nina"]
[Result "1-0"]
[WhiteElo "2114"]
[BlackElo "1573"]
[PlyCount "65"]
[EventDate "2023.??.??"]

1. e4 c5 2. Nf3 d6 3. d4 cxd4 4. Nxd4 Nf6 5. Nc3 g6 6. Be2 Bg7 7. O-O O-O 8. Re1 Nc6 9. Nb3 a6 10. a4 Bd7 11. Bf1 Qc7 12. Bg5 Rab8 13. Bxf6 Bxf6 14. Nd5 Qd8 15. Nxf6+ exf6 16. Qxd6 f5 17. Rad1 Be6 18. Nc5 Qxd6 19. Rxd6 Rfe8 20. Nxe6 fxe6 21. Bc4 Nd8 22. exf5 gxf5 23. Bxe6+ Nxe6 24. Rexe6 Rxe6 25. Rxe6 Rd8 26. g3 Rd2 27. Rb6 Rd7 28. Kg2 Kg7 29. Kf3 Rc7 30. c3 Kf7 31. Kf4 Kg7 32. Kxf5 Kf7 33. Kg5 1-0

[Event "FB22 2223 Hamburger SK II - SV 1920 Hof"]
[Site "?"]
[Date "2023.03.12"]
[Round "7.6"]
[White "Reich, Kristina"]
[Black "Froehlich-Dill, Astrid"]
[Result "1/2-1/2"]
[WhiteElo "1514"]
[BlackElo "1768"]
[PlyCount "121"]
[EventDate "2023.??.??"]

1. d4 Nf6 2. c4 e6 3. Nf3 b6 4. g3 Bb7 5. Bg2 Bb4+ 6. Bd2 a5 7. O-O O-O 8. a3 Be7 9. Nc3 d5 10. cxd5 exd5 11. Rc1 Nbd7 12. Bf4 c6 13. Qd3 Re8 14. Rfe1 Nh5 15. Bd2 Ba6 16. Qc2 g6 17. Bh3 Bf6 18. e4 dxe4 19. Nxe4 c5 20. dxc5 bxc5 21. Bxd7 Qxd7 22. Nxc5 Rxe1+ 23. Bxe1 Qb5 24. Nxa6 Qxa6 25. b3 Qb7 26. Qc6 Qa6 27. Bd2 Bb2 28. Qxa6 Rxa6 29. Rc8+ Kg7 30. Bc3+ Bxc3 31. Rxc3 Rb6 32. Ne5 Nf6 33. Kg2 Nd5 34. Rc5 Ne7 35. Rxa5 Rxb3 36. Ra7 Kf6 37. Ng4+ Ke6 38. Ne3 Nc6 39. Ra6 Kd7 40. Nd5 Nb8 41. Ra7+ Kd6 42. Ne3 Nd7 43. Nc4+ Ke6 44. Ra6+ Ke7 45. a4 Rb4 46. Ne3 Rd4 47. Ra7 Kd8 48. a5 Kc8 49. Nc2 Rd6 50. Ra8+ Nb8 51. Ra7 Nd7 52. a6 Kb8 53. Rb7+ Kc8 54. Nb4 Rf6 55. Rb5 Rb6 56. Rxb6 Nxb6 57. Nc6 Kc7 58. Ne5 f6 59. Ng4 Nd7 60. Kf3 Kb6 61. h4 1/2-1/2

[Event "FB22 2223 Elmshorner SC - SV Mülheim-No"]
[Site "?"]
[Date "2023.03.12"]
[Round "7.1"]
[White "Freitag, Julia"]
[Black "Falke, Cynthia"]
[Result "1-0"]
[WhiteElo "2110"]
[BlackElo "1639"]
[PlyCount "55"]
[EventDate "2023.??.??"]

1. d4 d5 2. e3 e6 3. f4 c5 4. Nf3 Nc6 5. c3 Nf6 6. Bd3 Ne4 7. O-O f5 8. Ne5 Nxe5 9. fxe5 a6 10. a4 Be7 11. Bxe4 dxe4 12. c4 Qc7 13. b3 O-O 14. Bb2 cxd4 15. exd4 b6 16. Nc3 Bb7 17. Qe1 Rad8 18. Rd1 Qb8 19. Ne2 g5 20. Ng3 Qa8 21. d5 Bc5+ 22. Kh1 e3 23. b4 Bxb4 24. Qxb4 f4 25. Qxb6 fxg3 26. Qxe6+ Kh8 27. Qe7 Kg8 28. Qxg5+ 1-0

[Event "FB22 2223 Elmshorner SC - SV Mülheim-No"]
[Site "?"]
[Date "2023.03.12"]
[Round "7.2"]
[White "Fock, Sana"]
[Black "Vogel, Heike"]
[Result "1/2-1/2"]
[WhiteElo "1778"]
[BlackElo "2126"]
[PlyCount "30"]
[EventDate "2023.??.??"]

1. e4 d5 2. exd5 Nf6 3. d4 Nxd5 4. c4 Nb6 5. Nc3 g6 6. Be3 Bg7 7. Qd2 O-O 8. h4 Nc6 9. O-O-O e5 10. Bg5 f6 11. Bh6 exd4 12. Bxg7 Kxg7 13. Nb5 Be6 14. h5 g5 15. Nf3 Qe7 1/2-1/2

[Event "FB22 2223 Elmshorner SC - SV Mülheim-No"]
[Site "?"]
[Date "2023.03.12"]
[Round "7.3"]
[White "Limbourg, Marina"]
[Black "Margaryan, Susanna"]
[Result "1-0"]
[WhiteElo "2020"]
[BlackElo "1466"]
[PlyCount "45"]
[EventDate "2023.??.??"]

1. e4 c5 2. Nf3 Nc6 3. d4 cxd4 4. Nxd4 e6 5. Be2 Nf6 6. Nc3 Bb4 7. O-O Bxc3 8. bxc3 Nxe4 9. Bd3 Nxc3 10. Qg4 Qf6 11. Nxc6 dxc6 12. Bg5 Qe5 13. Rfe1 h5 14. Qh4 Qc5 15. Re3 Nd5 16. Rg3 Bd7 17. Rb1 b5 18. Bd2 g6 19. Rxg6 fxg6 20. Bxg6+ Kf8 21. Bb4 Nxb4 22. Qf6+ Kg8 23. Qf7# 1-0

[Event "FB22 2223 Elmshorner SC - SV Mülheim-No"]
[Site "?"]
[Date "2023.03.12"]
[Round "7.4"]
[White "Neitzel, Emma"]
[Black "Stoer, Agnes"]
[Result "0-1"]
[WhiteElo "1118"]
[BlackElo "1849"]
[PlyCount "42"]
[EventDate "2023.??.??"]

1. e4 e6 2. d4 d5 3. e5 c5 4. c3 Ne7 5. Nf3 Ng6 6. Be2 Be7 7. O-O O-O 8. b4 cxb4 9. cxb4 Bxb4 10. Qb3 Nc6 11. Bd2 Bxd2 12. Nbxd2 a6 13. Rfe1 Nf4 14. Rac1 g5 15. g3 Nxe2+ 16. Rxe2 g4 17. Rd1 gxf3 18. Nxf3 f6 19. Kg2 fxe5 20. dxe5 Qe8 21. Nd4 Qh5 0-1

[Event "FB22 2223 Elmshorner SC - SV Mülheim-No"]
[Site "?"]
[Date "2023.03.12"]
[Round "7.5"]
[White "Hausrath, Michaela"]
[Black "Falke, Antje"]
[Result "1-0"]
[WhiteElo "1746"]
[BlackElo "1079"]
[PlyCount "63"]
[EventDate "2023.??.??"]

1. d4 d5 2. c4 Nf6 3. cxd5 Qxd5 4. Nc3 Qa5 5. Nf3 e6 6. Bd2 c6 7. e3 Be7 8. Bd3 b5 9. Nxb5 Qd8 10. Nc3 O-O 11. O-O e5 12. Nxe5 Be6 13. Rc1 Nbd7 14. Nxc6 Qe8 15. Nxe7+ Qxe7 16. a3 Rab8 17. Na4 Bb3 18. Bc2 Bc4 19. Bxh7+ Kxh7 20. Rxc4 Rh8 21. Qf3 Kg8 22. Bb4 Qd8 23. Rfc1 g6 24. Bd6 Kg7 25. Bc7 Qf8 26. Bxb8 Qxb8 27. h3 g5 28. Qg3 Qe8 29. Qxg5+ Kf8 30. Rc8 Qxc8 31. Rxc8+ Ke7 32. Rxh8 1-0

[Event "FB22 2223 SK Lehrte - Lübecker SV"]
[Site "?"]
[Date "2023.03.12"]
[Round "7.2"]
[White "Manusina, Nicole"]
[Black "Braeutigam, Irina"]
[Result "1-0"]
[WhiteElo "2035"]
[BlackElo "2016"]
[PlyCount "57"]
[EventDate "2023.??.??"]

1. d4 Nf6 2. c4 g6 3. Nc3 Bg7 4. e4 d6 5. f3 O-O 6. Be3 a6 7. Qd2 Nfd7 8. Bd3 c5 9. Nge2 Nc6 10. Bc2 cxd4 11. Nxd4 Nde5 12. b3 Bd7 13. O-O Rc8 14. Rad1 Nxd4 15. Bxd4 b5 16. f4 Nc6 17. Bxg7 Kxg7 18. cxb5 axb5 19. Nd5 Be6 20. Bb1 f6 21. Qe3 Bf7 22. h4 e5 23. h5 gxh5 24. Rf3 Nd4 25. Rff1 Kh8 26. fxe5 fxe5 27. Rxd4 Bxd5 28. Rxf8+ Qxf8 29. Rxd5 1-0

[Event "FB22 2223 SK Lehrte - Lübecker SV"]
[Site "?"]
[Date "2023.03.12"]
[Round "7.4"]
[White "Grabowski, Petra"]
[Black "Mundt, Alexandra"]
[Result "1/2-1/2"]
[WhiteElo "1600"]
[BlackElo "1775"]
[PlyCount "43"]
[EventDate "2023.??.??"]

1. d4 d5 2. c4 e6 3. Nc3 dxc4 4. e4 a6 5. a4 Bb4 6. Bxc4 Nf6 7. Bg5 h6 8. Bxf6 Qxf6 9. Nge2 Nc6 10. O-O O-O 11. Qb3 Be7 12. e5 Qh4 13. g3 Qg4 14. f3 Qg5 15. Ne4 Qg6 16. Bd3 f5 17. exf6 Bxf6 18. Nxf6+ Qxf6 19. d5 Ne5 20. Be4 Rb8 21. Nf4 Kh8 22. Nxe6 1/2-1/2

[Event "FB22 2223 SK Lehrte - Lübecker SV"]
[Site "?"]
[Date "2023.03.12"]
[Round "7.5"]
[White "Schmidt, Antonia"]
[Black "Wolterink, Jule"]
[Result "1-0"]
[WhiteElo "1638"]
[BlackElo "1429"]
[PlyCount "89"]
[EventDate "2023.??.??"]

1. c4 e6 2. Nc3 Nf6 3. d4 d5 4. cxd5 exd5 5. Bg5 c6 6. Qc2 Be7 7. e3 Qb6 8. Bxf6 Bxf6 9. Nxd5 Qa5+ 10. Nc3 Bf5 11. Bd3 Bxd3 12. Qxd3 O-O 13. Nge2 Rd8 14. O-O c5 15. Ne4 Be7 16. Qb3 Qa6 17. Rfe1 cxd4 18. Nxd4 Nc6 19. Nf5 Rd3 20. Nxe7+ Nxe7 21. Qc2 Rc8 22. Qxc8+ Nxc8 23. Nc5 Qb5 24. Nxd3 Nd6 25. Red1 h6 26. Rac1 Ne4 27. f3 Nf6 28. e4 Kf8 29. b3 Nd7 30. Rc8+ Ke7 31. Nf4 Nb6 32. Rc7+ Kf6 33. g3 Qe5 34. Rc2 Ke7 35. Rcd2 Qc7 36. Kg2 a6 37. Ne2 g6 38. Nf4 Ke8 39. Rd6 Qc2+ 40. R1d2 Qc7 41. e5 Nc8 42. R6d4 Ne7 43. e6 f6 44. Rd7 Qb6 45. Rxe7+ 1-0

[Event "FB22 2223 SK Lehrte - Lübecker SV"]
[Site "?"]
[Date "2023.03.12"]
[Round "7.6"]
[White "Stelter, Finja"]
[Black "Kutz, Ida Klara"]
[Result "1/2-1/2"]
[WhiteElo "1299"]
[BlackElo "1412"]
[PlyCount "125"]
[EventDate "2023.??.??"]

1. e4 d6 2. d4 Nf6 3. Nc3 g6 4. Bg5 Bg7 5. e5 Ng4 6. exd6 Qxd6 7. Nb5 Qc6 8. Qe2 Nf6 9. O-O-O a6 10. Re1 O-O 11. Nc3 Bf5 12. f3 Nd5 13. Nxd5 Qxd5 14. Qc4 Qxd4 15. Qxd4 Bxd4 16. Rxe7 Nd7 17. Bc4 b5 18. Bd5 Rab8 19. Bh6 Bg7 20. Bf4 Nb6 21. Bc6 Na4 22. c3 Nc5 23. Bg3 Bh6+ 24. f4 Nd3+ 25. Kd2 Nxf4 26. Bxf4 Bxf4+ 27. Ke2 Rb6 28. Be4 Be6 29. Nf3 Bd6 30. Rxe6 fxe6 31. Ng5 Bc5 32. Nf3 Rf4 33. Bc2 b4 34. cxb4 Bxb4 35. a3 Be7 36. b4 c5 37. Re1 cxb4 38. axb4 Bxb4 39. Rd1 Rd6 40. Bd3 a5 41. g3 Rf6 42. Ng5 Rd5 43. h4 a4 44. Rb1 Bd6 45. Bc4 Re5+ 46. Kd3 h6 47. Ne4 Rxe4 48. Kxe4 Bxg3 49. Ra1 Kg7 50. Rxa4 Bxh4 51. Ra7+ Rf7 52. Ra6 h5 53. Rxe6 Re7 54. Kf4 Rxe6 55. Bxe6 Kf6 56. Bc8 Be1 57. Bd7 Bd2+ 58. Kf3 Kg5 59. Kg3 Be1+ 60. Kh3 Kf4 61. Be8 Kf5 62. Bf7 h4 63. Bxg6+ 1/2-1/2

[Event "FB22 2223 Delmenhorster SK - SK Doppelba"]
[Site "?"]
[Date "2023.03.12"]
[Round "7.2"]
[White "Moenster, Madita"]
[Black "Staerk, Elisa"]
[Result "1/2-1/2"]
[WhiteElo "1971"]
[BlackElo "1941"]
[PlyCount "107"]
[EventDate "2023.??.??"]

1. e4 c5 2. Nf3 d6 3. d4 cxd4 4. Nxd4 Nf6 5. Nc3 a6 6. f3 e5 7. Nb3 Be6 8. Be3 h5 9. Be2 Nbd7 10. O-O Be7 11. a4 Rc8 12. a5 O-O 13. Nd5 Nxd5 14. exd5 Bf5 15. c4 Bg5 16. Qd2 Bxe3+ 17. Qxe3 Bg6 18. Rfc1 Qe7 19. Nd2 f5 20. b4 f4 21. Qb3 Kh8 22. Bd3 Be8 23. Ne4 g5 24. c5 dxc5 25. d6 Qf7 26. Qxf7 Bxf7 27. bxc5 Bd5 28. Rab1 g4 29. Kf2 Bxe4 30. Bxe4 Nxc5 31. Ke2 Nxe4 32. Rxc8 gxf3+ 33. gxf3 Rxc8 34. fxe4 Rd8 35. Rxb7 Rxd6 36. Re7 Rc6 37. Rxe5 Rc2+ 38. Kf3 Rxh2 39. Kxf4 Kg7 40. Re6 h4 41. Rxa6 h3 42. Kg3 Re2 43. Kxh3 Rxe4 44. Kg3 Kf7 45. Ra8 Ra4 46. a6 Kg7 47. Kf3 Kf7 48. Ke3 Kg7 49. Kd3 Kf7 50. Kc3 Kg7 51. Kb3 Ra1 52. Kb4 Rf1 53. Rc8 Ra1 54. Kb5 1/2-1/2

[Event "FB22 2223 Delmenhorster SK - SK Doppelba"]
[Site "?"]
[Date "2023.03.12"]
[Round "7.3"]
[White "Rath, Alina"]
[Black "Moeller, Hannah"]
[Result "1/2-1/2"]
[WhiteElo "2059"]
[BlackElo "1732"]
[PlyCount "98"]
[EventDate "2023.??.??"]

1. c4 Nf6 2. Nc3 g6 3. g3 Bg7 4. Bg2 c5 5. e4 d6 6. Nge2 Nc6 7. O-O O-O 8. h3 Bd7 9. d3 Rb8 10. Be3 h6 11. Qd2 Kh7 12. Kh2 a6 13. a4 b6 14. b3 Qc8 15. Rab1 Ng8 16. d4 cxd4 17. Nxd4 Nxd4 18. Bxd4 Bxd4 19. Qxd4 Qc5 20. Qd2 Nf6 21. Rfc1 Qc7 22. Rb2 Rfc8 23. Rbc2 Qd8 24. Bf1 Rc5 25. f3 a5 26. Ne2 Rbc8 27. Nf4 Qc7 28. Ra2 Qb7 29. Rd1 R5c7 30. Qe3 Re8 31. Bd3 e6 32. Bb1 d5 33. e5 Ng8 34. cxd5 exd5 35. Nxd5 Rc5 36. Qd4 Bc6 37. Be4 Qb8 38. f4 Bxd5 39. Bxd5 Rd8 40. Qe4 Ne7 41. Rad2 Nxd5 42. f5 Qc8 43. fxg6+ fxg6 44. Rxd5 Rdxd5 45. Rxd5 Rc2+ 46. Kg1 Rc1+ 47. Kg2 Rc2+ 48. Kg1 Rc1+ 49. Kg2 Rc2+ 1/2-1/2

[Event "FB22 2223 Delmenhorster SK - SK Doppelba"]
[Site "?"]
[Date "2023.03.12"]
[Round "7.4"]
[White "Wollscheid, Stefanie"]
[Black "Braeutigam, Katerina"]
[Result "0-1"]
[WhiteElo "1675"]
[BlackElo "1919"]
[PlyCount "62"]
[EventDate "2023.??.??"]

1. e4 c6 2. d4 d5 3. e5 c5 4. c3 Nc6 5. Nf3 Bg4 6. Be3 e6 7. Be2 Nge7 8. h3 Bxf3 9. Bxf3 Qb6 10. Qd2 cxd4 11. cxd4 Nf5 12. O-O Ncxd4 13. Bg4 Nxe3 14. fxe3 Nc6 15. Qf2 Nxe5 16. Nc3 O-O-O 17. Rac1 Kb8 18. Na4 Qa5 19. Qc2 Bd6 20. Nc3 Nxg4 21. hxg4 Bc5 22. Nd1 Rc8 23. Qf2 f6 24. a3 Bb6 25. Rxc8+ Rxc8 26. Qh4 Qd2 27. Kh1 h6 28. Qg3+ Bc7 29. Qf3 Be5 30. Rf2 Qe1+ 31. Rf1 Qh4+ 0-1

[Event "FB22 2223 Delmenhorster SK - SK Doppelba"]
[Site "?"]
[Date "2023.03.12"]
[Round "7.5"]
[White "Benzen, Marthe"]
[Black "Wenke, Andrea"]
[Result "1-0"]
[WhiteElo "1959"]
[BlackElo "1657"]
[PlyCount "87"]
[EventDate "2023.??.??"]

1. e4 e5 2. Nf3 Nc6 3. Bb5 d6 4. d4 exd4 5. Nxd4 Bd7 6. Nc3 Ne5 7. f4 a6 8. Be2 Nc6 9. O-O Nf6 10. b3 Be7 11. Bb2 O-O 12. Nxc6 Bxc6 13. Bd3 Qd7 14. Nd5 Bxd5 15. exd5 Qg4 16. Be2 Qf5 17. c4 c6 18. dxc6 bxc6 19. Bd3 Qc5+ 20. Kh1 Qh5 21. Bxf6 Qxd1 22. Raxd1 Bxf6 23. Be4 d5 24. cxd5 cxd5 25. Rxd5 a5 26. Rh5 g6 27. Bxa8 gxh5 28. Bd5 Bc3 29. g3 Re8 30. Kg2 Kg7 31. Rc1 Bb4 32. Bf3 Kg6 33. Rc6+ Re6 34. Rc8 Kh6 35. a4 Rg6 36. Rc7 Rg7 37. Kh3 f6 38. Rc6 Rg6 39. Rb6 f5 40. Rb5 Rf6 41. Bb7 Rf8 42. Rxb4 axb4 43. a5 Kg6 44. a6 1-0

[Event "FB22 2223 Delmenhorster SK - SK Doppelba"]
[Site "?"]
[Date "2023.03.12"]
[Round "7.6"]
[White "Schlueter, Ulrike"]
[Black "Hielscher, Ursula"]
[Result "0-1"]
[WhiteElo "1453"]
[BlackElo "1717"]
[PlyCount "78"]
[EventDate "2023.??.??"]

1. d4 Nf6 2. c4 g6 3. Nc3 Bg7 4. e4 O-O 5. e5 Ne8 6. Nf3 d6 7. Bf4 Bg4 8. Be2 Nc6 9. d5 Bxf3 10. Bxf3 Nxe5 11. Be2 c6 12. Qd2 Rc8 13. Rc1 cxd5 14. Nxd5 e6 15. Ne3 Nc6 16. O-O Nf6 17. Qxd6 Qxd6 18. Bxd6 Rfd8 19. Rfd1 Ne4 20. Ba3 Nd4 21. Bd3 Nc5 22. Bxc5 Rxc5 23. b4 Rc7 24. c5 Rcd7 25. Nc2 Nb5 26. Be2 Nc3 27. Rxd7 Rxd7 28. Kf1 Nxa2 29. Rd1 Rxd1+ 30. Bxd1 Kf8 31. Bf3 b6 32. c6 Ke7 33. Ke2 Kd6 34. Kd3 a6 35. Kc4 b5+ 36. Kd3 Nc3 37. Nd4 Nd5 38. Be4 Nxb4+ 39. Ke3 Bxd4+ 0-1